000
00330nam a2200157Ia 4500
100
_a
Kraus/John D
250
_a
3
942
_c
BK
654
_a
electromagnetics
245
_a
Electromagnetics 4th ed
260
_b
McGraw Hill
_a
New york
_c
1992
082
_a
530.141
_b
KRA
300
_a
847
546
_a
ENGLISH
999
_c
25191
_d
25191